| 000 | 00582cam a2200205 4500 | ||
|---|---|---|---|
| 008 | 090401t1991 xxu||||| |||| 00| 0 eng d | ||
| 020 | _a0116715499 | ||
| 035 | _a(Sirsi) u5845 | ||
| 041 | 0 | _aeng | |
| 050 | 0 | 4 | _a692.5 $2 18 |
| 110 | 1 |
_aUnited Kingdom _bProperty Services Agency _91138 |
|
| 245 | 0 | 0 |
_aNational schedule of rates _blandscape management |
| 260 |
_aLondon _bHMSO _c1991 |
||
| 300 |
_a197p. _c30cm. |
||
| 350 | _a90 | ||
| 520 | _aSuperseded by second edition (ISBN 0116715499). | ||
| 690 | _aBUILT ENVIRONMENT-BUILDING COSTS | ||
| 942 | _n0 | ||
| 948 | _c04/03/1997 | ||
| 999 |
_c86220 _d86220 |
||